Design charts for open-channel flow. (Record no. 547852)
[ view plain ]
| 000 -LEADER | |
|---|---|
| fixed length control field | 00455cam a2200157u 4500 |
| 082 ## - DEWEY DECIMAL CLASSIFICATION NUMBER | |
| Classification number | 627.23 |
| Author Mark | UNI |
| 110 1# - MAIN ENTRY--CORPORATE NAME | |
| Corporate name or jurisdiction name as entry element | United States. |
| 9 (RLIN) | 21185 |
| 245 10 - TITLE STATEMENT | |
| Title | Design charts for open-channel flow. |
| 260 ## - PUBLICATION, DISTRIBUTION, ETC. | |
| Place of publication, distribution, etc. | Washington, |
| Name of publisher, distributor, etc. | U. S. Govt. Print. Off., |
| Date of publication, distribution, etc. | 1961. |
| 300 ## - PHYSICAL DESCRIPTION | |
| Extent | vi, 105 p. |
| Other physical details | diagrs., tables. |
| Dimensions | 27 cm. |
| 526 ## - STUDY PROGRAM INFORMATION NOTE | |
| Program name | 0 |
| Interest level | 0 |
| Reading level | 0 |
| Title point value | 627_230000000000000_UNI |
| 650 #0 - SUBJECT ADDED ENTRY--TOPICAL TERM | |
| Topical term or geographic name entry element | Graphic methods. |
| 9 (RLIN) | 2983 |
| 650 #0 - SUBJECT ADDED ENTRY--TOPICAL TERM | |
| Topical term or geographic name entry element | Hydraulics. |
| 650 #0 - SUBJECT ADDED ENTRY--TOPICAL TERM | |
| Topical term or geographic name entry element | MCE |
| 9 (RLIN) | 379 |
| 942 ## - ADDED ENTRY ELEMENTS (KOHA) | |
| Source of classification or shelving scheme | |
| Koha item type | Book |
| Withdrawn status | Lost status | Source of classification or shelving scheme | Damaged status | Not for loan | Permanent Location | Current Location | Date acquired | Total Checkouts | Full call number | Barcode | Date last seen | Price effective from | Koha item type |
|---|---|---|---|---|---|---|---|---|---|---|---|---|---|
| Military College of Engineering (MCE) | Military College of Engineering (MCE) | 08/08/2014 | 627.23 UNI | MCE-32594 | 08/08/2014 | 08/08/2014 | Book |
